Finał Ligi Mistrzów 2021/2022 - składy - Statystyki

Ogólne statystyki
  • Ten quiz został rozwiązany 251 razy
  • Średni wynik to 27 z 30
Statystyki odpowiedzi
Hint Narodowość Numer Imię i nazwisko % Poprawnych
Bramkarz Brazylia 1 Alisson
99%
Napastnik Egipt 11 Mohamed Salah
98%
Napastnik Senegal 10 Sadio Mané
97%
Obrońca Szkocja 26 Andrew Robertson
96%
Obrońca Austria 4 David Alaba
96%
Trener Niemcy # Jürgen Klopp
96%
Napastnik Francja 9 Karim Benzema
96%
Pomocnik Chorwacja 10 Luka Modrić
96%
Obrońca Anglia 66 Trent Alexander-Arnold
96%
Obrońca Holandia 4 Virgil van Dijk
96%
Pomocnik Urugwaj 15 Federico Valverde
95%
Pomocnik Niemcy 8 Toni Kroos
95%
Napastnik Brazylia 20 Vinícius Júnior
94%
Trener Włochy # Carlo Ancelotti
92%
Obrońca Hiszpania 2 Dani Carvajal
90%
Obrońca Brazylia 3 Éder Militão
90%
Obrońca Francja 23 Ferland Mendy
90%
Bramkarz Belgia 1 Thibaut Courtois
90%
Pomocnik Brazylia 14 Casemiro
88%
Rezerwowy Brazylia 21 Rodrygo
88%
Obrońca Francja 5 Ibrahima Konaté
87%
Pomocnik Hiszpania 6 Thiago
87%
Pomocnik Anglia 14 Jordan Henderson
86%
Rezerwowy Brazylia 9 Roberto Firmino
85%
Napastnik Kolumbia 23 Luis Díaz
84%
Pomocnik Brazylia 3 Fabinho
82%
Rezerwowy Portugalia 20 Diogo Jota
81%
Rezerwowy Francja 25 Eduardo Camavinga
80%
Rezerwowy Gwinea 8 Naby Keïta
73%
Rezerwowy Hiszpania 19 Dani Ceballos
47%
Nie znaleziono quizów pasujących do podanych kryteriów
Rozkład punktacji
Procent ludzi z każdym wynikiem
Percentyl według liczby udzielonych odpowiedzi
Twoja historia wyników
Nie rozwiązałeś tego quizu